Introduction to the electron theory of metals / (Record no. 8686)

MARC details
000 -LEADER
fixed length control field 01594cam a22003494a 4500
001 - CONTROL NUMBER
control field 11986463
003 - CONTROL NUMBER IDENTIFIER
control field OSt
005 - DATE AND TIME OF LATEST TRANSACTION
control field 20240621104400.0
008 - FIXED-LENGTH DATA ELEMENTS--GENERAL INFORMATION
fixed length control field 000426s2001 enka b 001 0 eng
010 ## - LIBRARY OF CONGRESS CONTROL NUMBER
LC control number 00031274
020 ## - INTERNATIONAL STANDARD BOOK NUMBER
International Standard Book Number 0521583349
020 ## - INTERNATIONAL STANDARD BOOK NUMBER
International Standard Book Number 0521587093 (pbk.)
040 ## - CATALOGING SOURCE
Original cataloging agency DLC
Transcribing agency must
Modifying agency DLC
041 1# - LANGUAGE CODE
Language code of text/sound track or separate title eng
Language code of original jpn
042 ## - AUTHENTICATION CODE
Authentication code pcc
050 00 - LIBRARY OF CONGRESS CALL NUMBER
Classification number QC176.8.F74
Item number M5913 2001
082 00 - DEWEY DECIMAL CLASSIFICATION NUMBER
Classification number 539.7 WIZ 1995
Edition number 21
100 1# - MAIN ENTRY--PERSONAL NAME
Personal name Mizutani, Uichirō.
9 (RLIN) 17557
240 10 - UNIFORM TITLE
Uniform title <a href="Kinzoku denshiron.">Kinzoku denshiron.</a>
Language of a work English
245 10 - TITLE STATEMENT
Title Introduction to the electron theory of metals /
Statement of responsibility, etc. Uichiro Mizutani.
260 ## - PUBLICATION, DISTRIBUTION, ETC. (IMPRINT)
Place of publication, distribution, etc. Cambridge ;
-- New York :
Name of publisher, distributor, etc. Cambridge University Press,
Date of publication, distribution, etc. 2001.
300 ## - PHYSICAL DESCRIPTION
Extent xii, 590 p. :
Other physical details ill. ;
Dimensions 26 cm.
504 ## - BIBLIOGRAPHY, ETC. NOTE
Bibliography, etc Includes bibliographical references (p. 569-576) and index.
650 #0 - SUBJECT ADDED ENTRY--TOPICAL TERM
Topical term or geographic name as entry element Free electron theory of metals.
9 (RLIN) 17558
856 41 - ELECTRONIC LOCATION AND ACCESS
Materials specified Sample text
Uniform Resource Identifier <a href="http://www.loc.gov/catdir/samples/cam031/00031274.html">http://www.loc.gov/catdir/samples/cam031/00031274.html</a>
856 42 - ELECTRONIC LOCATION AND ACCESS
Materials specified Publisher description
Uniform Resource Identifier <a href="http://www.loc.gov/catdir/description/cam021/00031274.html">http://www.loc.gov/catdir/description/cam021/00031274.html</a>
856 41 - ELECTRONIC LOCATION AND ACCESS
Materials specified Table of contents
Uniform Resource Identifier <a href="http://www.loc.gov/catdir/toc/cam021/00031274.html">http://www.loc.gov/catdir/toc/cam021/00031274.html</a>
856 42 - ELECTRONIC LOCATION AND ACCESS
Materials specified Contributor biographical information
Uniform Resource Identifier <a href="http://www.loc.gov/catdir/enhancements/fy0731/00031274-b.html">http://www.loc.gov/catdir/enhancements/fy0731/00031274-b.html</a>
906 ## - LOCAL DATA ELEMENT F, LDF (RLIN)
a 7
b cbc
c orignew
d 1
e ocip
f 20
g y-gencatlg
942 ## - ADDED ENTRY ELEMENTS (KOHA)
Source of classification or shelving scheme Dewey Decimal Classification
Koha item type Open Shelf
Holdings
Withdrawn status Lost status Source of classification or shelving scheme Damaged status Not for loan Home library Current library Date acquired Source of acquisition Inventory number Total Checkouts Full call number Barcode Date last seen Price effective from Koha item type
    Dewey Decimal Classification     MUST Main Library MUST Main Library 21/06/2024 purchase 03/18337   539.7 WIZ 1995 2024-20977 21/06/2024 21/06/2024 Open Shelf